| 000 | 00647nam a2200205 a 4500 | ||
|---|---|---|---|
| 005 | 20240925064523.0 | ||
| 008 | 081108s2008 br r 000 0 por d | ||
| 020 | _a9788576520795 | ||
| 035 | _aUPN01000182918 | ||
| 049 | _aUNE | ||
| 050 | 4 |
_aJX1963 _bD5.8 |
|
| 100 | 1 |
_aDiskin, Lia, _d1950- _937995 |
|
| 245 | 1 | 0 |
_aVamos ubuntar? : _bum convite para cultivar a paz / _cLia Diskin. |
| 260 |
_aBrasilia : _bUNESCO : _bFundacao Vale, _c2008. |
||
| 300 |
_a97 p. : _bil. col. |
||
| 440 | 0 |
_aAbrindo espacos. _pEducacao e cultura para a paz |
|
| 500 | _aTambién localizas un ejemplar en Colección General | ||
| 650 | 4 |
_aPaz _96176 |
|
| 905 | _aLibro | ||
| 999 |
_c155021 _d155021 |
||